| 000 | 00513nam a22001697a 4500 | ||
|---|---|---|---|
| 020 | _a978-1305957404 | ||
| 040 | _cSCME | ||
| 082 | _210th | ||
| 100 |
_aSteven S.Zumdahl, Donald J.DeCoste _983665 |
||
| 245 | _aChemistry | ||
| 250 | _a10th | ||
| 260 |
_aUSA _bGengage _c2018 |
||
| 300 | _a900p. | ||
| 856 |
_uhttp://10.250.8.41:8080/xmlui/handle/123456789/25450 _yFor 10th edition click here |
||
| 856 |
_uhttp://10.250.8.41:8080/xmlui/handle/123456789/47039 _yFor 11th edition click here |
||
| 942 |
_2ddc _cBK |
||
| 999 |
_c586653 _d586653 |
||